[Event "Calvia Amateur op 21st"]
[Site "Calvia"]
[Date "2024.10.12"]
[Round "8"]
[White "Lielmezs, Girts"]
[Black "Van der Meijden, Martien"]
[Result "0-1"]
[WhiteElo "1953"]
[BlackElo "2096"]
[PlyCount "62"]
[EventDate "2024.10.05"]
[EventType "swiss"]
[EventRounds "9"]
[EventCountry "ESP"]
[SourceTitle "CB45_2024"]
[Source "ChessBase"]
[SourceDate "2024.11.06"]
[SourceVersion "1"]
[SourceVersionDate "2024.11.06"]
[SourceQuality "1"]

1. c4 e5 2. g3 h5 3. h4 Nc6 4. d3 Bc5 5. Nf3 d6 6. Bg2 Bg4 7. Nc3 Nge7 8. 0-0 Qd7 9. Kh2 f6 10. Ne4 a5 11. Bd2 Kf7 12. Rb1 g5 13. hxg5 h4 14. Nxh4 Ng6 15. Nxc5 dxc5 16. Bd5+ Be6 17. Rh1 Nxh4 18. gxh4 Bxd5 19. e4 Be6 20. Qf3 Rxh4+ 21. Kg2 Rah8 22. Qxf6+ Ke8 23. Qxh8+ Rxh8 24. Rxh8+ Ke7 25. Be3 Qxd3 26. Bxc5+ Kf7 27. Rbh1 Qxe4+ 28. f3 Qe2+ 29. Kg3 Nd4 30. R1h7+ Kg6 31. Be7 Nf5+ 0-1

[Event "Calvia Amateur op 19th"]
[Site "Calvia"]
[Date "2022.10.13"]
[Round "6"]
[White "Serra Olives, Tomas"]
[Black "Lielmezs, Girts"]
[Result "0-1"]
[WhiteElo "2041"]
[BlackElo "1901"]
[PlyCount "148"]
[EventDate "2022.10.08"]
[EventType "swiss"]
[EventRounds "9"]
[EventCountry "ESP"]
[SourceTitle "CBM 210 Extra"]
[Source "ChessBase"]
[SourceDate "2022.11.30"]
[SourceVersion "1"]
[SourceVersionDate "2022.11.30"]
[SourceQuality "1"]

1. e4 d5 2. exd5 Qxd5 3. Nc3 Qd6 4. d4 Nf6 5. Nf3 c6 6. Ne5 Bf5 7. g4 Be6 8. Bg2 Nbd7 9. f4 g6 10. g5 Nd5 11. Ne4 Qc7 12. c4 N5b6 13. Nxd7 Qxd7 14. b3 Bg7 15. Bb2 Bg4 16. Qd2 0-0 17. Nc5 Qc7 18. 0-0 Rad8 19. Qe3 Nc8 20. Rae1 b6 21. Nd3 c5 22. Ne5 Bxe5 23. fxe5 cxd4 24. Bxd4 e6 25. Rf4 Bf5 26. Rf2 Ne7 27. Rd2 Rd7 28. Red1 Rfd8 29. Qf3 Bc2 30. Rxc2 Rxd4 31. Rxd4 Rxd4 32. Re2 Rd1+ 33. Bf1 Nf5 34. Re4 Qc5+ 35. Qf2 Qc6 36. Re1 Rxe1 37. Qxe1 Qc5+ 38. Kh1 Qd4 39. Bh3 Ne3 40. Qg3 Qd1+ 41. Qg1 Kf8 42. Qxd1 Nxd1 43. Kg1 Nc3 44. a4 Ne4 45. Bg2 Nd2 46. Kf2 Nxb3 47. Ke3 Ke7 48. Bc6 Kd8 49. h4 Kc7 50. Be8 Kd8 51. Bxf7 Ke7 52. Bg8 Nc5 53. Bxh7 Kf7 54. h5 gxh5 55. Bc2 h4 56. Kf4 h3 57. Kg3 Nd7 58. Kxh3 Nxe5 59. Bb3 Kg6 60. Kh4 Nf3+ 61. Kg4 Nxg5 62. Kf4 Kf6 63. Ke3 Ke5 64. Bc2 Kd6 65. Bg6 e5 66. Be8 Kc5 67. Bb5 a5 68. Ba6 Nf7 69. Ke4 Nd6+ 70. Kxe5 Nxc4+ 71. Ke6 Nb2 72. Bb5 Kb4 73. Kd6 Nxa4 74. Kc6 Nc3 0-1

[Event "Calvia Amateur op 15th"]
[Site "Calvia"]
[Date "2018.10.14"]
[Round "9"]
[White "Lielmezs, Girts"]
[Black "Hrbolka, Ladislav"]
[Result "0-1"]
[WhiteElo "1898"]
[BlackElo "2054"]
[PlyCount "82"]
[EventDate "2018.10.06"]
[EventType "swiss"]
[EventRounds "9"]
[EventCountry "ESP"]
[SourceTitle "CBM 186 Extra"]
[Source "ChessBase"]
[SourceDate "2018.08.24"]
[SourceVersion "1"]
[SourceVersionDate "2018.08.24"]
[SourceQuality "1"]

1. c4 Nf6 2. Nc3 d5 3. cxd5 Nxd5 4. g3 g6 5. Bg2 c6 6. e4 Nb4 7. d4 Qxd4 8. Be3 Qxd1+ 9. Kxd1 Bg7 10. a3 Nd3 11. Kc2 Ne5 12. f3 0-0 13. Nge2 Nbd7 14. Rad1 Nc4 15. Bc1 a5 16. b3 Ncb6 17. a4 c5 18. Nb5 Ne5 19. Nc7 Rb8 20. Be3 Nbd7 21. Nc3 Nc6 22. N3b5 b6 23. Rd2 e5 24. Bg5 h6 25. Rd6 Nb4+ 26. Kc3 hxg5 27. Rhd1 Nf6 28. h3 Ne8 29. Nxe8 Rxe8 30. Bf1 Bf8 31. Nc7 Bxd6 32. Nxe8 Be7 33. Bb5 Kf8 34. Nc7 Rb7 35. Na8 Be6 36. g4 f6 37. Rd2 Bf7 38. Rd1 Be8 39. Kc4 Nc6 40. Rd3 Nd4 41. Kd5 Bf7# 0-1

[Event "Calvia Amateur op 15th"]
[Site "Calvia"]
[Date "2018.10.10"]
[Round "5"]
[White "Lielmezs, Girts"]
[Black "Perez Bolanos, David"]
[Result "1/2-1/2"]
[WhiteElo "1898"]
[BlackElo "1650"]
[PlyCount "28"]
[EventDate "2018.10.06"]
[EventType "swiss"]
[EventRounds "9"]
[EventCountry "ESP"]
[SourceTitle "CBM 186 Extra"]
[Source "ChessBase"]
[SourceDate "2018.08.24"]
[SourceVersion "1"]
[SourceVersionDate "2018.08.24"]
[SourceQuality "1"]

1. c4 Nf6 2. Nc3 e5 3. g3 Nc6 4. Nf3 d6 5. Bg2 g6 6. d4 exd4 7. Nxd4 Nxd4 8. Qxd4 Bg7 9. Nd5 0-0 10. Bh6 Bxh6 11. Nxf6+ Kh8 12. Nh5+ Kg8 13. Nf6+ Kh8 14. Nh5+ Kg8 1/2-1/2

[Event "Alcudia Belleuve"]
[Site "Alcudia"]
[Date "2012.10.15"]
[Round "2.13"]
[White "Castello Castello, Juan Jose"]
[Black "Lielmezs, Girts"]
[Result "0-1"]
[WhiteElo "1735"]
[BlackElo "1910"]
[PlyCount "118"]
[EventDate "2012.10.14"]
[EventType "swiss"]
[EventRounds "9"]
[EventCountry "ESP"]
[SourceTitle "EXT 2024"]
[Source "ChessBase"]
[SourceDate "2023.10.10"]
[SourceVersion "1"]
[SourceVersionDate "2023.10.10"]
[SourceQuality "1"]

1. Nf3 Nc6 2. c4 e5 3. d3 g6 4. g3 Bg7 5. Bg2 d6 6. Nc3 Nge7 7. 0-0 0-0 8. a3 a5 9. Rb1 f5 10. Bd2 d5 11. cxd5 Nxd5 12. Qb3 e4 13. Qxd5+ Qxd5 14. Nxd5 exf3 15. Bxf3 Rf7 16. Nf4 Re7 17. Bc3 Nd4 18. Bd5+ Kf8 19. e3 g5 20. Bxd4 Bxd4 21. Ne2 Bf6 22. Nc3 c6 23. Bg2 Be6 24. e4 f4 25. Rfe1 Be5 26. Rbd1 Rd8 27. Rd2 Red7 28. Bf1 Bc4 29. Na4 f3 30. Nc5 Re7 31. Rc2 Bf7 32. Re3 g4 33. Rd2 Bd4 34. Na4 b5 35. Nc3 Bxe3 36. fxe3 b4 37. axb4 axb4 38. Na4 Rxe4 39. Kf2 Rc4 40. h3 h5 41. d4 Rc1 42. Nc5 Rxc5 43. h4 Bc4 44. Rc2 Bxf1 45. Rxc5 Bb5 46. Rxh5 Rd5 47. Rh7 c5 48. Rb7 Bd3 49. Rb8+ Kg7 50. Rb7+ Kg6 51. Rb6+ Kf7 52. Rb7+ Kf6 53. Rb6+ Ke7 54. Rb7+ Rd7 55. Rb6 cxd4 56. Rxb4 dxe3+ 57. Kxe3 Bf5 58. h5 Rd3+ 59. Kf2 Rd2+ 0-1

[Event "IECG CP-2005-P-00116"]
[Site "IECG email"]
[Date "2005.10.01"]
[Round "?"]
[White "Rey, Manny"]
[Black "Lielmezs, Girts"]
[Result "1-0"]
[WhiteElo "2092"]
[BlackElo "1426"]
[PlyCount "55"]
[EventDate "2005.??.??"]
[EventType "tourn (corr)"]
[EventRounds "6"]
[SourceTitle "Corr 2024"]
[Source "ChessBase"]
[SourceDate "2023.10.19"]
[SourceVersion "1"]
[SourceVersionDate "2023.10.19"]
[SourceQuality "1"]

1. f4 d5 2. Nf3 Nf6 3. e3 e6 4. b3 Be7 5. Bb2 0-0 6. Be2 c5 7. 0-0 Nc6 8. Ne5 Nd7 9. Nxc6 bxc6 10. c4 Bf6 11. Nc3 Ba6 12. d3 Qa5 13. Qe1 Kh8 14. g4 Rab8 15. g5 Be7 16. Qh4 Kg8 17. Rf3 Rfe8 18. f5 exf5 19. Rxf5 h6 20. Ne4 dxe4 21. Bxg7 Bf8 22. gxh6 Bxg7 23. hxg7 Kxg7 24. Qg5+ Kf8 25. Raf1 f6 26. Rxf6+ Nxf6 27. Rxf6+ Ke7 28. Qg7+ 1-0

[Event "IECG CB.2002.0.00056 email"]
[Site "IECG email"]
[Date "2002.09.12"]
[Round "1"]
[White "Lielmezs, Girts"]
[Black "Sanfrutos Lopez, Francisco Javier"]
[Result "0-1"]
[WhiteElo "1800"]
[BlackElo "1850"]
[PlyCount "48"]
[EventDate "2002.09.12"]
[EventType "tourn (corr)"]
[EventRounds "6"]
[SourceTitle "Corr 2024"]
[Source "ChessBase"]
[SourceDate "2023.10.19"]
[SourceVersion "1"]
[SourceVersionDate "2023.10.19"]
[SourceQuality "1"]

1. c4 e6 2. d4 Nf6 3. Nc3 Bb4 4. Qb3 c5 5. a3 Ba5 6. e3 0-0 7. Bd2 cxd4 8. exd4 Nc6 9. Nf3 d5 10. cxd5 exd5 11. 0-0-0 Qc7 12. Qc2 Bg4 13. Nb5 Bxd2+ 14. Rxd2 Qf4 15. Kb1 Bxf3 16. gxf3 a6 17. Nc3 Nxd4 18. Qd1 Nxf3 19. Rd3 Ne5 20. Nxd5 Nxd5 21. Rxd5 Qe4+ 22. Bd3 Nxd3 23. Rxd3 Rad8 24. Kc2 Rxd3 0-1

[Event "IECG QB.2002.0.00025 email"]
[Site "IECG email"]
[Date "2002.09.08"]
[Round "?"]
[White "Guilloux, Yves"]
[Black "Lielmezs, Girts"]
[Result "1-0"]
[WhiteElo "1920"]
[BlackElo "1800"]
[PlyCount "57"]
[EventDate "2002.09.08"]
[EventType "tourn (corr)"]
[EventRounds "6"]
[SourceTitle "Corr 2024"]
[Source "ChessBase"]
[SourceDate "2023.10.19"]
[SourceVersion "1"]
[SourceVersionDate "2023.10.19"]
[SourceQuality "1"]

1. d4 d5 2. e4 dxe4 3. Nc3 Nf6 4. f3 exf3 5. Nxf3 Bg4 6. h3 Bh5 7. g4 Bg6 8. Ne5 e6 9. Qf3 c6 10. g5 Nd5 11. Bd3 Nd7 12. Nxg6 hxg6 13. 0-0 Qe7 14. Nxd5 cxd5 15. c4 dxc4 16. Bxc4 Nb6 17. Bb5+ Kd8 18. Qxf7 Qxf7 19. Rxf7 Rc8 20. Bf4 Rc2 21. Rc1 Rxb2 22. Bc7+ Kc8 23. Bxb6+ Kb8 24. Bc7+ Ka8 25. Be5 Ba3 26. Bf1 Rxa2 27. Rb1 Rh5 28. Rfxb7 Rxg5+ 29. Kh1 1-0